| 000 | 00958nam a22002777a 4500 | ||
|---|---|---|---|
| 001 | BR9402985 | ||
| 003 | BR-BrBNA | ||
| 005 | 20230928094035.0 | ||
| 007 | ta | ||
| 008 | 230509b bl.||||| |||| 00| 0 por d | ||
| 040 |
_aBR-BrBNA _bpor _cBiblioteca Nacional de Agricultura |
||
| 041 | _a(Por) | ||
| 072 | _aL73 | ||
| 090 | _ L73 BR9402985 | ||
| 100 | 1 | _aBracarense, A.P.F.R.L. | |
| 110 | 1 |
_aUniversidade de Sao Paulo, SP (Brasil). Faculdade de Medicina Veterinaria e Zootecnia _0Tese (Mestre em Patologia Experimental e Comparada) _910560 |
|
| 245 | 1 | _aInfluencia dos processos inflamatorios induzidos por L.P.S. e B.C.G. na evolucao do tumor Ehrlich: estudo experimental | |
| 260 | 3 |
_aSao Paulo, SP (Brasil): _c1991. |
|
| 300 | _a99 p. | ||
| 500 | _a24 illus.; Summaries (Eng, Por); Bibliography p. 85-97 (77 ref.) | ||
| 650 | _aTumor | ||
| 650 | _aInflamacao | ||
| 650 | _aMedicamento | ||
| 909 |
_a202309 _bLucia _c55 _dLucia Elande |
||
| 942 | _cBK | ||
| 999 |
_c48559 _d48559 |
||